Ephesians; vol. 1. (Record no. 448)

000 -LEADER
fixed length control field 00724nam a2200217 a 4500
001 - CONTROL NUMBER
control field :::00013602$&:&@@
003 - CONTROL NUMBER IDENTIFIER
control field OkBaRHE
005 - DATE AND TIME OF LATEST TRANSACTION
control field 20100324121524.0
008 - FIXED-LENGTH DATA ELEMENTS--GENERAL INFORMATION
fixed length control field s1974 j 000 0 eng u
020 ## - INTERNATIONAL STANDARD BOOK NUMBER
International Standard Book Number 0385044127
040 ## - CATALOGING SOURCE
Transcribing agency
245 10 - TITLE STATEMENT
Title Ephesians; vol. 1.
Statement of responsibility, etc Introduction, translation, and commentary by Markus Barth.
250 ## - EDITION STATEMENT
Edition statement [1st ed.]
260 ## - PUBLICATION, DISTRIBUTION, ETC. (IMPRINT)
Place of publication, distribution, etc Garden City, NY., :
Name of publisher, distributor, etc Doubleday
Date of publication, distribution, etc 1974
300 ## - PHYSICAL DESCRIPTION
Extent v. (1-2) (xxxiv, 849 p.) ;
Dimensions 25 cm.
490 0# - SERIES STATEMENT
Series statement The Anchor Bible, v. 34-34A.
650 ## - SUBJECT ADDED ENTRY--TOPICAL TERM
Topical term or geographic name as entry element Bible New Testament Ephesians
General subdivision Commentaries
700 ## - ADDED ENTRY--PERSONAL NAME
Personal name Barth, Markus, Ed.
942 ## - ADDED ENTRY ELEMENTS (KOHA)
Source of classification or shelving scheme
Koha item type Books
Copies
Shelving location Koha item type Price effective from Copy number Withdrawn status Barcode Date last seen Damaged status Not for loan Date acquired Full call number Permanent Location Source of classification or shelving scheme Collection code Lost status
General StacksBooks2010-04-141 136022018-04-03  2010-04-14BS 2695 .B3RHEMA Bible Training College Reference